Dos colonizaciones del siglo XVII en la Sierra Nevada de Santa Marta (Registro nro. 304611)
[ vista simple ]
| 000 -ENCABEZADO | |
|---|---|
| Número de control [NR] | 01242nam a2200265Ia 4500 |
| 005 - FECHA Y HORA DE LA ÚLTIMA TRANSACCIÓN | |
| control field | 20160912112228.0 |
| 008 - DE LONGITUD FIJA DE DATOS DE ELEMENTOS - INFORMACIÓN GENERAL | |
| Elementos de longitud fija [NR] | 130821s1996 ck fr 0 0 spa |
| 020 ## - NUMERO INTERNACIONAL NORMALIZADO PARA LIBROS [R] | |
| Número Internacional Normalizado del libro [NR] | 9589298575 |
| 040 ## - FUENTE DE CATALOGACION [NR] | |
| Agencia de catalogación original [NR] | Co-BoUCM |
| Idioma de catalogación [NR] | spa |
| Quien Cataloga | Sandra Yazo |
| Quien Clasifica | Sandra Yazo |
| 041 00 - CODIGO DE IDIOMA [R] | |
| Código de idioma para texto/pista de sonido o título separado [R] | Español |
| 082 04 - NUMERO DE CLASIFICACION DECIMAL DEWEY [R] | |
| Número de clasificación [R] | 025 |
| Número de la edición [NR] | 20 |
| 092 ## - SIGNATURA TOPOGRAFICA LOCAL | |
| Número de clasificación local | E63N063 |
| 100 1# - ASIENTO PRINCIPAL--NOMBRE PERSONAL [NR] | |
| Nombre personal [NR] | Blanco Barros, José Agustín |
| ID Autoridad | 79902 |
| 245 00 - MENCION DE TITULO [NR] | |
| Título [NR] | Dos colonizaciones del siglo XVII en la Sierra Nevada de Santa Marta |
| Mención de responsabilidad, etc. [NR] | Transcripciones paleográficas de José Agustín Blanco Barros |
| 260 ## - PUBLICACION, DISTRIBUCION, ETC. (PIE DE IMPRENTA) [R] | |
| Lugar de publicación, distribución, etc. [R] | Bogotá (Colombia) |
| Nombre del editor, distribuidor, etc. [R] | Archivo General de la Nación |
| Fecha de publicación, distribución, etc. [R] | 1996 |
| 300 ## - DESCRIPCION FISICA [R] | |
| Extensión [R] | 38 páginas |
| Dimensiones [R] | 29 x 22 cm |
| 490 #0 - MENCION DE SERIE [R] | |
| Mención de serie [R] | Documentos en busca de investigador |
| Designación numérica/secuencial del volumen [NR] | 2 |
| 500 ## - NOTA GENERAL [R] | |
| Nota general [NR] | Encuadernación flexible en cartulina, tapas con datos de publicación. Portada sencilla. Texto impreso en una y dos columnas |
| 505 0# - NOTA DE CONTENIDO CON FORMATO PREESTABLECIDO [R] | |
| Nota de contenido con formato preestablecido [NR] | Dos colonizaciones del siglo XVIII en la Sierra nevada de Santa Marta ; San Sebastián de Rabado 1750 – 1758 ; San Carlos (La fundación) 1787 – 1939 |
| 506 ## - NOTA DE RESTRICCIONES DE ACCESO [R] | |
| Condiciones de acceso [NR] | Consulta en sala |
| 651 #4 - ASIENTO SECUNDARIO DE MATERIA - NOMBRE GEOGRAFICO [R] | |
| Nombre geográfico [NR] | Sierra nevada de Santa Marta (Colombia) |
| Subdivisión general [R] | Historia |
| 9 (RLIN) | 26606 |
| 651 #4 - ASIENTO SECUNDARIO DE MATERIA - NOMBRE GEOGRAFICO [R] | |
| Nombre geográfico [NR] | Sierra nevada de Santa Marta (Colombia) |
| Subdivisión general [R] | Fuentes |
| 9 (RLIN) | 26606 |
| 690 ## - ASUNTO AGREGADO LOCAL DE ENTRADA - TÉRMINO TEMÁTICO (OCLC, RLIN) | |
| Acceso temático local | Bibliotecología |
| 9 (RLIN) | 10049 |
| 942 ## - ELEMENTOS DE ENTRADA AGREGADOS (KOHA) | |
| Tipo de ítem principal el descrito en 300a | Libro |
| Edición | 1 |
| Sistema de clasificación | LOCAL |
| Clasificación | E63N063 |
| Suprimido | Perdido | Sistema de clasificación | Dañado | No prestable | Tipo de ítem específico | Ubicación habitual | Ubicación actual | Localización | Fecha de creación | Forma de adquisición | Costo | Total préstamos | Signatura topográfica | Código de barras | Última vez visto | Ejemplar | Price effective from | Tipo de ítem |
|---|---|---|---|---|---|---|---|---|---|---|---|---|---|---|---|---|---|---|
| LOCAL | Libro archivo | Archivo Histórico | Archivo Histórico | Archivo histórico | 12/09/2016 | Donación | 0.00 | E63N063 | L005861 | 12/09/2016 | Ej.1 | 12/09/2016 | Libro |